000 00778nam a2200229 i 4500
001 34777
003 ES-MaACL
005 20230906155009.0
007 t|
008 030211s1985 fr ||||1| fre d
100 1 _aBonn, Charles.
_930213
245 1 3 _aLe roman algérien de langue fraçaise
_b: vers un espace de communication littéraire décolonisé? /
_cCharles Bonn.
260 _aMontréal ;
_aParis :
_bPresses de l'Université :
_bL'Harmattan,
_c1985.
300 _a359 p. ;
_c21 cm.
490 1 _aCollection littéraire
500 _aIndice.
504 _aBibliografía.
650 4 _aNovela argelina (Francés)-
_xHistoria y crítica.
_9148238
830 0 _aCollection littéraire
_9229514
852 _aES-MaACL
_jL-12865
_bR.115677
999 _c34777
_d34777